Jinnah vs. Gandhi/ (Record no. 85004)

MARC details
000 -LEADER
fixed length control field 00702nam a22001937a 4500
005 - DATE AND TIME OF LATEST TRANSACTION
control field 20140610160437.0
010 ## - LCCN (DPL NO)
LC control number B-504759-766
020 ## - INTERNATIONAL STANDARD BOOK NUMBER
International Standard Book Number 9788190617390
Terms of availability 499.00
035 ## - SYSTEM CONTROL NUMBER
System control number B-504759-766
037 ## - SOURCE OF ACQUISITION
Stock number dpl
Source of stock number/acquisition K.K.Pub/Ven
082 ## - DEWEY DECIMAL CLASSIFICATION NUMBER
Classification number 954.0842
100 ## - MAIN ENTRY--PERSONAL NAME
Personal name Matthews, Roderick
245 ## - TITLE STATEMENT
Title Jinnah vs. Gandhi/
Statement of responsibility, etc by Roderick Matthews
260 ## - PUBLICATION, DISTRIBUTION, ETC. (IMPRINT)
Place of publication, distribution, etc Gurgaon
Name of publisher, distributor, etc Hachette Book Publishing India Pvt.Ltd.
Date of publication, distribution, etc 2012
270 ## - ADDRESS
Address 4th & 5th Floors, Corporate Centre Plot No.94, Sector 44,
City Gurgaon
Postal code 122003 India
300 ## - PHYSICAL DESCRIPTION
Extent 330p.
Dimensions 21cm(Hb)
942 ## - ADDED ENTRY ELEMENTS (KOHA)
Source of classification or shelving scheme Dewey Decimal Classification
Item type English Books
Classification part 954.0842
Call number suffix MAT
Holdings
Withdrawn status Lost status Not for loan Collection code Home library Current library Date acquired Source of acquisition Cost, normal purchase price Full call number Barcode Copy number Cost, replacement price Koha item type
      Non-fiction Central Library Central Library 10/06/2014 K.K.Pub/BL2983/11.03.2013/172/11.03.2013/20.03.2013 499.00 954.0842 MAT B-504759 1 499.00 English Books
      Non-fiction Janak Puri Janak Puri 10/06/2014 K.K.Pub/BL2983/11.03.2013/172/11.03.2013/20.03.2013 499.00 954.0842 MAT B-504761 1 499.00 English Books
      Non-fiction Karol Bagh Karol Bagh 10/06/2014 K.K.Pub/BL2983/11.03.2013/172/11.03.2013/20.03.2013 499.00 954.0842 MAT B-504763 1 499.00 English Books
  Written-off vide DLB M. No. 383 dt 16.05.19   Non-fiction Narela Narela 10/06/2014 K.K.Pub/BL2983/11.03.2013/172/11.03.2013/20.03.2013 499.00 954.0842 MAT B-504764 1 499.00 English Books
      Non-fiction Patel Nagar Patel Nagar 10/06/2014 K.K.Pub/BL2983/11.03.2013/172/11.03.2013/20.03.2013 499.00 954.0842 MAT B-504760 1 499.00 English Books
      Non-fiction Sarojini Nagar Sarojini Nagar 10/06/2014 K.K.Pub/BL2983/11.03.2013/172/11.03.2013/20.03.2013 499.00 954.0842 MAT B-504762 1 499.00 English Books
      Non-fiction Shahdara Branch Shahdara Branch 10/06/2014 K.K.Pub/BL2983/11.03.2013/172/11.03.2013/20.03.2013 499.00 954.0842 MAT B-504765 1 499.00 English Books
  Written-off vide DLB M. No. 383 dt 16.05.19   Non-fiction Yojana Vihar Yojana Vihar 10/06/2014 K.K.Pub/BL2983/11.03.2013/172/11.03.2013/20.03.2013 499.00 954.0842 MAT B-504766 1 499.00 English Books

© Delhi Public Library
Hit Counter
free hit counter